| 000 | 03264cam a2200373 i 4500 | ||
|---|---|---|---|
| 001 | 991106720937306196 | ||
| 005 | 20250206182850.0 | ||
| 008 | 180914t20182018nyu g b 001 0 eng c | ||
| 010 | _a2018031828 | ||
| 020 | _a9780525561804 | ||
| 020 | _a9781781259191 | ||
| 035 | _a(UTL)12302152-01utoronto_inst | ||
| 035 | _a(SIRSI)12302152 | ||
| 035 |
_a(OCoLC)1029226217 _z(OCoLC)1029320769 _z(OCoLC)1029444114 _z(OCoLC)1056493051 |
||
| 040 |
_aPUL _beng _erda _cPUL _dOCLCF _dIAD _dWZW _dIK2 _dILC _dGO4 _dQQ3 _dDLC _dSSH _dNDS _dTXLBH _dOCLCQ _dCLMPL _dGUL _dDF$ _dOCL _dY#4 _dTXSCH _dPNX _dOCLCO _dCPS _dJSZ _dMOU _dB@L _dUZA _dTL4 _dWKM _dAZZPT _dOCLCO |
||
| 041 | _aeng | ||
| 042 | _apcc | ||
| 050 | 0 | 0 |
_aBF637.S4 _bG7384 2018 |
| 100 |
_aGreene, Robert _eauthor _921652 |
||
| 245 | 1 | 4 |
_aThe laws of human nature _c/ Robert Greene. |
| 260 |
_aNew York : _bViking, _c[2018]. |
||
| 300 |
_a609 pages ; _c25 cm. |
||
| 504 | _aIncludes bibliographical references (pages 589-592) and index. | ||
| 505 | _aMaster your emotional self: The law of irrationality — Transform self-love into empathy: The law of narcissism — See through people's masks: The law of role-playing — Determine the strength of people's character: The law of compulsive behavior — Become an elusive object of desire: The law of covetousness — Elevate your perspective: The law of shortsightedness — Soften people's resistance by confirming their self-opinion: The law of defensiveness — Change your circumstances by changing your attitude: The law of self-sabotage — Confront your dark side: The law of repression — Beware the fragile ego: The law of envy — Know your limits: The law of grandiosity — Reconnect to the masculine or feminine within you: The law of gender rigidity — Advance with a sense of purpose: The law of aimlessness — Resist the downward pull of the group: The law of conformity — Make them want to follow you: The law of fickleness — See the hostility behind the friendly faȧde: The law of aggression — Seize the historical moment: The law of generational myopia — Mediate on our common morality: The law of death denial. | ||
| 520 | _aRobert Greene's bestselling 48 Laws of Power (1988) distilled ancient wisdom and philosophy into essential texts for seekers of power, understanding, and mastery. Now he turns to understanding people's drives and motivations, even when they are unconscious of them themselves. We are social animals. Our very lives depend on our relationships with people. Knowing why people do what they do is the most important tool we can possess. Drawing from the ideas and examples of Pericles, Queen Elizabeth I, Martin Luther King Jr, and many others, Greene teaches us how to detach ourselves from our own emotions and master self-control, how to develop the empathy that leads to insight, how to look behind people's masks, and how to resist conformity to develop your singular sense of purpose. | ||
| 526 | _aB3 Elective: Communicating for influence | ||
| 590 | _aSt. Michael's College copy: smcpop. | ||
| 650 | 0 |
_aSelf-actualization (Psychology) _97023 |
|
| 650 | 0 |
_aSelf-control _98866 |
|
| 650 | 0 |
_aMotivation (Psychology) _97092 |
|
| 650 | 0 |
_aSuccess _96204 |
|
| 655 | 0 |
_aSelf-help publications _923836 |
|
| 942 | _2lcc | ||
| 999 |
_c2404 _d2404 |
||